K první příčce na trhu nealkoholických nápojů

Situácia na trhu s nealkoholickými nápojmi po roku 1989. Vznik, začiatky a súčasné úspechy českej firmy Toma. Marketingová a distribučná stratégia firmy Toma. Zhodnotenie obratu a objemu predaja počas celej existencie Tomy.

Gespeichert in:
Bibliographische Detailangaben
Format: Buch
Sprache:Tschechisch
Schlagworte:
Tags: Tag hinzufügen
Keine Tags, Fügen Sie das erste Tag hinzu!

MARC

LEADER 00000nam a2200000 4500
001 r031256
005 20230522102634.9
041 0 |a cze 
044 |a CZ 
245 1 0 |a K první příčce na trhu nealkoholických nápojů 
520 |a Situácia na trhu s nealkoholickými nápojmi po roku 1989. Vznik, začiatky a súčasné úspechy českej firmy Toma. Marketingová a distribučná stratégia firmy Toma. Zhodnotenie obratu a objemu predaja počas celej existencie Tomy. 
610 2 0 |a nápoje nealkoholické 
610 2 0 |a Toma 
610 2 0 |a stratégia marketingová 
610 2 0 |a potravinárstvo 
610 2 0 |a obrat obchodný 
610 2 0 |a Česko